Yanlışlıkla Seçilen Kahraman (Record no. 1268738)

MARC details
000 -LEADER
sabit uzunluktaki kontrol alanı 00282nam a2200109Ia 4500
001 - KONTROL NUMARASI
kontrol alanı 1268738
005 - EN SON İŞLEMİN TARİH VE ZAMANI
kontrol alanı 20260417145256.0
008 - SABİT-UZUNLUKTA VERİ ÖĞELERİ--GENEL BİLGİ
sabit uzunluktaki kontrol alanı 260417s9999 xx 000 0 und d
020 ## - ULUSLARARASI STANDART KİTAP NUMARASI
Uluslararası Standart Kitap Numarası 9786255888457
245 #0 - ESER / YAZAR
ESER ADI Yanlışlıkla Seçilen Kahraman
Yazar Adı Ömer Ünal
260 ## - YAYIN, DAĞITIM, VB.
YAYIN EVİ Ketebe Genç
Holdings
Düşüm durumu Kayıp durumu Hasar Durumu Ödünç verilmez Ana kütüphane Geçerli Kütüphane Edinilen tarih Toplam ödünç verme sayısı Barkod Son görüntüleme tarihi Fiyatın geçerli olmaya başladığı tarih Koha materyal türü
        TOKİ ARDIÇLI ORTAOKULU TOKİ ARDIÇLI ORTAOKULU 17.04.2026   11102370 17.04.2026 17.04.2026 Books